000 00383nam a2200157Ia 4500
003 0STCL
008 150530s9999 xx 000 0 und d
040 _aSTCL
_cSTCL
100 _aMarler Peter; Hamilton William, J.
245 _aMechanisms of animal behaviour
260 _bJohn Wiley
_c1966
546 _aEnglish
942 _2ddc
_cBK
999 _c39006
_d39006
005 20220125170451.0